| 000 | 00798nam a2200205Ia 4500 | ||
|---|---|---|---|
| 999 |
_c40782 _d40782 |
||
| 001 | 7421 | ||
| 003 | GE_BSU | ||
| 005 | 20231204170714.0 | ||
| 008 | 181216s1956||||ge |||||||||||||| ||geo|| | ||
| 040 | _cGE_BSU | ||
| 041 | _ageo | ||
| 080 | _a821.353.1 დ-22 | ||
| 100 |
_aდარასელი, ვანიონ _920567 |
||
| 245 |
_aრჩეული : ლექსები ; პიესები / _cვანიონ დარასელი ; რედ. ან. თევზაძე. |
||
| 264 |
_aთბილისი : _bსაბჭ.მწერალი, _c1956. |
||
| 300 |
_a204 გვ. : _bფოტო. ; _c21 სმ. |
||
| 653 | _aლექსები;პიესები. | ||
| 700 |
_aთევზაძე, ნ. _eრედაქტორი _91432 |
||
| 942 |
_cBK _2udc |
||